000 00307nam a2200121 a 4500
005 20140414131856.0
008 100901s19uu xx 00 eng d
050 _aFIL
_bC28 2008
100 _aBravo, Becky
245 _aThe Cat painter.
260 _aManila, Philippines :
_bAdarna,
_c2008.
999 _c110443
_d110443